• Rossi de Gasperis, Francesco.

di Personal Name

Records bibliografici associati: 1

001 - CONTROL NUMBER

  • control field: 57734

003 - CONTROL NUMBER IDENTIFIER

  • control field:

005 - DATE AND TIME OF LATEST TRANSACTION

  • control field: 20190403090708.0

008 - FIXED-LENGTH DATA ELEMENTS

  • fixed length control field: 190403|| aca||aabn | a|a d

040 ## - CATALOGING SOURCE

  • Original cataloging agency:
  • Transcribing agency:

100 ## - HEADING--PERSONAL NAME

  • Personal name: Rossi de Gasperis, Francesco.
  • Dates associated with a name: 1926-,
  • Relator term: autore

670 ## - SOURCE DATA FOUND

  • Source citation: Work cat.: ()0: Rossi de Gasperis, Francesco. 1926-, autore, Paolo di Tarso evangelo di Gesù., 2008 (2 ed.).
CREDITS: SOCIETA' SAN PAOLO Via A.Severo, 58 - ROMA (RM) & PERIODICI SAN PAOLO SRL Via Giotto, 36 MILANO & CISF Via Giotto, 36 MILANO & EDIZIONI SAN PAOLO SRL,  Piazza Soncino, 5 CINISELLO BALSAMO (MI) -- ITALY